000 00426 a2200109 4500
005 20260327134601.0
100 _aBapat D.
_9217327
245 _aआधुनिक महाराष्ट्राची जडणघडण शिल्पकार चरित्रकोश खंड ५ : कृषी आणि सहकार
250 _a1st
260 _bSaptahik Vivek Hindusthan Prakashan Samstha
_c2012
942 _cAR
999 _c370788
_d370788